| 000 | 01678nam a22003137a 4500 | ||
|---|---|---|---|
| 001 | 1542 | ||
| 003 | FISKH | ||
| 005 | 20250404075633.0 | ||
| 008 | 230906b cb ||||| |||| 00| 0 khr d | ||
| 022 | _29789924340935 | ||
| 040 |
_aFISKH _beng _cFISKH _dFISKH |
||
| 082 | _a611 | ||
| 100 | _aVandewiele, Agnes | ||
| 245 |
_aខ្លួនមនុស្ស / _cនិពន្ធដោយ Agnes Vandewiele - គូររូបដោយ Maud Riemann - បកប្រែពីភាសាបារាំងដោយ អ៊ុំ វ័ណថារី |
||
| 250 | _aបោះពុម្ពលើកទី ២ កញ្ញា ២០២១ | ||
| 260 |
_aCoubertin : _bSipar, _c2019. |
||
| 300 |
_a29 pages : _bcolor illustrations ; _c25 cm |
||
| 490 | _aស្វែងយល់ពី | ||
| 505 | _aP | ||
| 520 | _aឆ្លើយតបចំពោះសំណួររបស់កុមារអំពីរាងកាយរបស់ពួកគេ! ក្មេងៗនឹងរកឃើញអាថ៌កំបាំងនៃរាងកាយមនុស្ស វិធីថែរក្សា និងលូតលាស់បានល្អ! | ||
| 520 | _aAnswers to children’s questions about their bodies. Children will discover the secrets of the human body, the ways to take care of it, and to grow well. | ||
| 521 | 8 |
_a610
_bLexile estimate |
|
| 521 | 8 |
_aP
_bRaz-Plus |
|
| 650 |
_aរាងកាយ _vការលូតលាស់ _xការការពារ |
||
| 650 |
_aBody part _vGrowing _xProtection |
||
| 700 |
_aVanthary, Oum _etranslator |
||
| 700 |
_aRiemann, Maud _eillustrator |
||
| 942 |
_2ddc _cBK _n0 |
||
| 999 |
_c1542 _d1542 |
||